Quiz de São Tomé e Príncipe - Statistics

Estatísticas Gerais
  • Esse quiz foi jogado 441 vezes
  • A pontuação média é 8 de 14
Estatísticas das Respostas
Dica Resposta % Correto
Língua oficial Português
96%
Capital São Tomé
86%
Golfo em que São Tomé e Príncipe está localizado Golfo da {Guiné}
80%
Prática que foi legalmente abolida em 1876, mas continuou a persistir por décadas depois Escravidão
79%
País continental localizado a leste da ilha principal Gabão
70%
Termo para pessoas de origens mistas européias e africanas que compreendem a maioria da população (começa com M) Mestiço
70%
O único país africano que é menor que São Tomé e Príncipe Seychelles
70%
Segunda maior ilha Principe
68%
Fruto que responde por cerca de metade das exportações do país Cacau
44%
Moeda oficial Dobra
25%
Línguas regionais reconhecidas principais São-tomense
20%
Línguas regionais reconhecidas principais Angolar
17%
Nomeie um dos dois exploradores que descobriu São Tomé João de Santarém | Pêro Escobar
15%
Línguas regionais reconhecidas principais Principense
15%
Nenhum quiz correspondente encontrado
Distribuição das Pontuações
Porcentagem de Pessoas com Cada Pontuação
Percentil de Números Respondidos
Sua Pontuação Histórica
Você não jogou esse quiz